| 000 | 00727cam a2200169 4500 | ||
|---|---|---|---|
| 001 | ##L133319 | ||
| 008 | 060502n1966 000 0 eng u | ||
| 035 | _a(Sirsi) u133319 | ||
| 041 | 0 | _aeng | |
| 050 | 0 | 4 | _a692.5 $2 18 |
| 111 | 2 |
_aSymposium on tendering procedure _d(31 March 1966 _cCollege of Estate Management) |
|
| 245 | 0 | 0 |
_aTendering procedure _bthe proceedings of a symposium held at the College of Estate Management on 31 March 1966 |
| 260 |
_aLondon _bCollege of Estate Management _c1966 |
||
| 505 | 2 | _aPrinciples of tendering procedure -- Negotiating a contract -- General discussion -- System building for housing: a controlled group discussion -- General discussion | |
| 690 |
_aProcurement _96260 |
||
| 942 | _n0 | ||
| 999 |
_c105382 _d105382 |
||